logo

Bir Sreshtho Munshi Abdur Rouf Library
Jhenaidah Cadet College

কবি জসিমউদ্দীন / (Record no. 1327)

MARC details
000 -LEADER
fixed length control field 00727nam a2200253 a 4500
001 - CONTROL NUMBER
JCCL Control Number 1327
003 - CONTROL NUMBER IDENTIFIER
JCCL marc code BD-JhCC
005 - DATE AND TIME OF LATEST TRANSACTION
control field 20221015105055.0
008 - FIXED-LENGTH DATA ELEMENTS--GENERAL INFORMATION
fixed length control field 171018s20092012bg |||| ||a| 000 0 ben d
020 ## - INTERNATIONAL STANDARD BOOK NUMBER
International Standard Book Number 9847012000526
035 ## - SYSTEM CONTROL NUMBER
system control number (BD-JhCC)1327
040 ## - CATALOGING SOURCE
Original cataloging agency BD-JhCC
Modifying agency BD-JhCC
041 ## - LANGUAGE CODE
Language code of Book ben
082 ## - DEWEY DECIMAL CLASSIFICATION NUMBER
Classification number 923.1
Author mark and Year FIR 2012
100 ## - MAIN ENTRY--PERSONAL NAME
Personal name ফিরোজ, আহমেদ
245 ## - TITLE STATEMENT
Title কবি জসিমউদ্দীন /
Statement of responsibility, etc আহমেদ ফিরোজ,
260 ## - PUBLICATION, DISTRIBUTION, ETC. (IMPRINT)
Place of publication, distribution, etc ঢাকা :
Name of publisher, distributor, etc কথা প্রকাশ,
Date of publication, distribution, etc 2012
300 ## - PHYSICAL DESCRIPTION
Pagination 79 p.;
Dimensions 24 cm.
490 ## - SERIES STATEMENT
Series statement জীবনী গ্রন্থমালা
600 ## - SUBJECT ADDED ENTRY--PERSONAL NAME
Personal name Uddin, Jashim
650 ## - SUBJECT ADDED ENTRY--TOPICAL TERM
Topical term or geographic name as entry element Biography
942 ## - ADDED ENTRY ELEMENTS (KOHA)
Source of classification or shelving scheme Dewey Decimal Classification
Koha item type Books
Holdings
Source of classification or shelving scheme Damaged status Not for loan Home library Current library Shelving location Date of accession Cost, normal purchase price Total Checkouts Full call number Barcode Date last seen Copy number Koha item type
Dewey Decimal Classification     JCC Rouf Library JCC Rouf Library General Stacks 12/03/2017 70.00   923.1 FIR 2012 2206 10/18/2017 C-1 Books
Dewey Decimal Classification     JCC Rouf Library JCC Rouf Library General Stacks 10/15/2022 72.00   923.1 FIR 2017 17467 10/15/2022 C-2 Books

JCC Library | Contacts | JCC Home

Last Update on 23 September 2017
Copyright @ 2017-2020 JCC Rouf Library
Rouf Library, Jhenidah Cadet College (JCC), Bangladesh